000
00277nam a2200109Ia 4500
008
220204s9999 xx 000 0 und d
082
_a
025.43
_b
WEB
245
0
_a
Webster's new world thesaurus
260
_a
Fontana
_b
Collin world
_c
1971
700
_a
Laird, Charlton
942
_c
BK
999
_c
26914
_d
26914